My NBA top 75 players list - Statistics

General Stats
  • This quiz has been taken 325 times
    197 since last reset
  • The average score is 39 of 75
Answer Stats
Player % Correct
LeBron James
99%
Michael Jordan
94%
Kobe Bryant
82%
Steph Curry
82%
Kareem Abdul-Jabbar
79%
Shaquille O'Neal
78%
Jerry West
77%
Larry Bird
76%
Tim Duncan
76%
James Harden
75%
Kevin Durant
75%
Magic Johnson
74%
Wilt Chamberlain
74%
Scottie Pippen
73%
Karl Malone
71%
Moses Malone
71%
Giannis Antetokounmpo
70%
Hakeem Olajuwon
70%
Julius Erving
69%
Dirk Nowitzki
68%
Russell Westbrook
68%
Bill Russell
65%
Steve Nash
65%
John Stockton
63%
Nikola Jokic
63%
Nikola Jokic
63%
Dennis Rodman
61%
Dwyane Wade
61%
Kevin Garnett
61%
Chris Paul
60%
Allen Iverson
58%
David Robinson
58%
Jason Kidd
58%
Charles Barkley
57%
Isiah Thomas
57%
Kawhi Leonard
57%
Damian Lillard
54%
Ray Allen
54%
Paul Pierce
53%
Oscar Robertson
51%
Carmelo Anthony
50%
Dwight Howard
50%
Bob Cousy
49%
Clyde Drexler
49%
Patrick Ewing
49%
Bob Pettit
48%
Elgin Baylor
47%
Joel Embiid
47%
Luka Doncic
47%
Pau Gasol
46%
John Havlicek
45%
Tracy McGrady
45%
Kevin McHale
42%
Paul George
42%
Dominique Wilkins
40%
Reggie Miller
40%
Bill Walton
39%
Gary Payton
39%
Bob McAdoo
36%
George Gervin
36%
George Mikan
36%
Rick Barry
33%
Walt Frazier
33%
Willis Reed
31%
Alonzo Mourning
27%
Elvin Hayes
27%
Dave Cowens
26%
Jimmy Butler
23%
Paul Arizin
22%
Dolph Schayes
19%
Nate Thurmond
16%
Jerry Lucas
12%
Billy Cunningham
11%
Sidney Moncrief
9%
Neil Johnston
2%
No matching quizzes found
Score Distribution
Percent of People with Each Score
Percentile by Number Answered
Your Score History
You have not taken this quiz since the last reset